000
00293nam a22001217a 4500
041
_a
ENG
100
_a
Schultz Bart
245
_a
Guidelines on the Construction of Horizontal Subsurrface Drainage Systems
260
_a
DELHI
_b
ICID
_c
2002
300
_a
236
650
_a
IDE
856
_u
IDE ( 05 )
999
_c
1542
_d
1542